| 000 | 00590nam a2200217 4500 | ||
|---|---|---|---|
| 003 | OSt | ||
| 005 | 20260601171004.0 | ||
| 008 | 260507b1971\\\\ja\|||||\||||\00|\0\eng\d | ||
| 040 |
_aICI _bSPA _cICI |
||
| 041 | _aENG | ||
| 050 |
_a TJ1185 _bH5 1971 |
||
| 100 | 1 |
_aHine, Charles R., _eautor _931936 |
|
| 245 | 1 | _aMachine tools and processes for engineers | |
| 264 |
_aNew York : _bMcGraw-Hill, _c1971 |
||
| 300 | _a616 páginas | ||
| 336 |
_atexto _2rdacontent |
||
| 337 |
_asin medio _2rdamedia |
||
| 338 |
_avolumen _2rdacarrier |
||
| 650 | 4 | _aMáquinas herramientas | |
| 942 |
_2lcc _cB _n1 |
||
| 999 |
_c20206 _d20206 |
||